000 00823nam a22001817a 4500
999 _c56823
_d56823
005 20190508201802.0
008 190508c2019 ру ||||| |||| 00| 0 рус d
022 _a2587-6597
041 _aрус
245 _aНефтегазовые технологии и аналитика :
_b2019 : 14-15 марта научно технический и аналитический журнал /
_cГл. ред.:Кутасов
260 _aМосква :
_bНаука,
_c2019
300 _aV.
653 _aნავთობის ტეხნოლოგია და ანალიზი
653 _a2019 : 14-15 марта научно технический и аналитический журнал
653 _aпериодика
700 _aКутасов Х.В.
_eредактор
_9915
942 _2udc
_cCR